000 00289nam a2200133 i 4500
001 bg
100 1 _aJOLLY, W. P.
245 0 _aKrioelektronika /
_cW.P. Jolly.
260 _aMoskva,
_c1975.
040 _cBPK
041 _apol
942 _cKS
008 s pl f |000 0 pol
999 _c26775
_d26775
856 _uhttp://koha.tu.koszalin.pl/cgi-bin/koha/opac-detail.pl?biblionumber=26775
_yKatalog online BPK